[Event "New Zealand Major Open 2016"]
[Site "Devonport, Auckland NZL"]
[Date "2016.01.03"]
[Round "2.1"]
[White "Pakenham, John"]
[Black "Krstev, Antonio"]
[Result "0-1"]
[WhiteElo "1733"]
[BlackElo "2046"]
[PlyCount "99"]
[EventDate "2016.01.02"]

1. c4 Nf6 2. Nc3 d6 3. d4 g6 4. g3 Bg7 5. Bg2 O-O 6. e4 e5 7. Nge2 exd4 8. Nxd4
Nc6 9. Nxc6 bxc6 10. O-O Be6 11. Qe2 Nd7 12. Bd2 Rb8 13. b3 c5 14. f4 Nf6 15.
Rad1 Bd7 16. h3 Re8 17. Qd3 Qc8 18. Kh2 Bc6 19. Nd5 Nxd5 20. exd5 Bd7 21. g4
Qa6 22. a4 Qb7 23. Rf3 f5 24. g5 Re4 25. Rg3 Rd4 26. Qe2 Re8 27. Re3 Qc8 28.
Rxe8+ Bxe8 29. Re1 Bf7 30. Be3 Qb8 31. Bxd4 cxd4 32. Qd3 Qb4 33. Re7 Qc3 34.
Bf1 Qc1 35. Kg3 h6 36. h4 hxg5 37. hxg5 Be5 38. Qf3 d3 39. Bxd3 Bd4 40. Rxc7
Qe1+ 41. Kh3 Bg1 42. Qe2 Qc3 43. Kg2 Bb6 44. Rc8+ Kg7 45. Qc2 Qd4 46. Bxf5 gxf5
47. Qxf5 Qf2+ 48. Kh3 Qf1+ 49. Kg3 Bf2+ 50. Kg4 0-1

[Event "New Zealand Major Open 2016"]
[Site "Devonport, Auckland NZL"]
[Date "2016.01.03"]
[Round "2.2"]
[White "Fuatai, Fuatai"]
[Black "Jacobs, Hilton J"]
[Result "1-0"]
[WhiteElo "1971"]
[BlackElo "1704"]
[PlyCount "93"]
[EventDate "2016.01.02"]

1. e4 c5 2. Nf3 e6 3. d4 cxd4 4. Nxd4 Nc6 5. c4 Bb4+ 6. Nc3 Qa5 7. Nxc6 Bxc3+
8. bxc3 bxc6 9. Bd2 Nf6 10. Bd3 Ba6 11. Qe2 Rb8 12. O-O O-O 13. Bf4 Rb7 14. Bd6
Rc8 15. e5 Ne8 16. Bb4 Qc7 17. Bc5 d6 18. exd6 Nxd6 19. Rad1 Ne8 20. Qe4 Nf6
21. Qh4 h6 22. Bd6 Qa5 23. Bf4 Qh5 24. Qg3 Qg4 25. Qe3 Qh5 26. h3 Rd7 27. Be2
Qf5 28. Rxd7 Nxd7 29. Qxa7 Qxf4 30. Qxa6 Rc7 31. a4 Nc5 32. Qb6 Ne4 33. a5 Nxc3
34. Bd3 g6 35. a6 Rc8 36. a7 Qd6 37. Qb7 Rd8 38. a8=Q Qxd3 39. Qa1 Qxc4 40. Kh1
Ne4 41. Qbb2 f6 42. Qbc1 Qe2 43. Qxh6 Nxf2+ 44. Kg1 Ne4 45. Qxg6+ Kf8 46.
Qaxf6+ Nxf6 47. Qxf6+ 1-0

[Event "New Zealand Major Open 2016"]
[Site "Devonport, Auckland NZL"]
[Date "2016.01.03"]
[Round "2.3"]
[White "George, Sandeep"]
[Black "Kumar, Vinod"]
[Result "0-1"]
[WhiteElo "1710"]
[BlackElo "1939"]
[PlyCount "52"]
[EventDate "2016.01.02"]

1. e4 c5 2. Nf3 d6 3. d4 cxd4 4. Nxd4 Nf6 5. Nc3 a6 6. Be2 e5 7. Nb3 Be6 8. a4
Nbd7 9. Be3 Be7 10. O-O O-O 11. Kh1 Rc8 12. f3 Qc7 13. Qe1 d5 14. exd5 Nxd5 15.
Nxd5 Bxd5 16. Bd3 f5 17. Nd2 Be6 18. c3 Nf6 19. c4 Rfd8 20. Qe2 Qd7 21. Bc2 f4
22. Bxf4 exf4 23. Rfe1 Bb4 24. Rad1 Bxd2 25. Rxd2 Qxd2 26. Qxe6+ Kh8 0-1

[Event "New Zealand Major Open 2016"]
[Site "Devonport, Auckland NZL"]
[Date "2016.01.03"]
[Round "2.4"]
[White "Cooper, Nigel"]
[Black "Aldridge, Alan L"]
[Result "0-1"]
[WhiteElo "1692"]
[BlackElo "1865"]
[PlyCount "44"]
[EventDate "2016.01.02"]

1. e4 e5 2. Nf3 Nc6 3. Bc4 Bc5 4. b4 Bxb4 5. c3 Ba5 6. d4 exd4 7. O-O Nf6 8. e5
d5 9. exd6 O-O 10. dxc7 Qxc7 11. cxd4 Bg4 12. Bb2 Nb4 13. Qb3 Bxf3 14. gxf3
Rad8 15. Nc3 Nc6 16. Nb5 Qd7 17. Rad1 Nd5 18. Bxd5 Qxd5 19. Qxd5 Rxd5 20. Na3
Bb6 21. Nc4 Bxd4 22. Ne3 Rg5+ 0-1

[Event "New Zealand Major Open 2016"]
[Site "Devonport, Auckland NZL"]
[Date "2016.01.03"]
[Round "2.6"]
[White "Charles, Dion"]
[Black "Rains, Timothy"]
[Result "0-1"]
[WhiteElo "1629"]
[BlackElo "1819"]
[PlyCount "124"]
[EventDate "2016.01.02"]

1. e4 c5 2. Nc3 e6 3. f4 b6 4. Nf3 Bb7 5. d3 d6 6. Qe2 Nf6 7. g3 Nbd7 8. Bg2
Be7 9. O-O O-O 10. Nd1 Re8 11. Nf2 Rc8 12. g4 c4 13. Nd4 cxd3 14. cxd3 e5 15.
Nf5 Nc5 16. g5 Nfd7 17. h4 Ne6 18. Nh3 Ndf8 19. Be3 Ba6 20. Nxe7+ Rxe7 21. f5
Nc5 22. Rad1 Rec7 23. Nf2 Qe8 24. Bh3 Nfd7 25. f6 g6 26. h5 Ne6 27. hxg6 hxg6
28. Ng4 Rc2 29. Nh6+ Kf8 30. Qg4 Ndc5 31. Qh4 Rc7 32. Bxc5 bxc5 33. Nf5 Kg8 34.
Nh6+ Kf8 35. Nxf7 Qxf7 36. Qh8+ Qg8 37. Qxg8+ Kxg8 38. Bxe6+ Kf8 39. Rf2 Rxf2
40. Kxf2 Rh7 41. Kg2 Rh5 42. Kf2 Rxg5 43. Rg1 Rxg1 44. Kxg1 Bxd3 45. Bd5 Bb5
46. a3 a5 47. f7 Be2 48. Kf2 Bh5 49. Kg3 g5 50. Kh3 Bxf7 51. Bc6 Be6+ 52. Kg3
Ke7 53. Bb5 Kf6 54. Bc6 Bb3 55. Bb7 Bd1 56. Bd5 Ke7 57. Bc4 a4 58. Bd5 Kd7 59.
Bc4 Kc6 60. Kg2 Bb3 61. Be2 c4 62. Kg3 Kc5 0-1

[Event "New Zealand Major Open 2016"]
[Site "Devonport, Auckland NZL"]
[Date "2016.01.03"]
[Round "2.7"]
[White "Lyall, Simon"]
[Black "Calitz, Hananke"]
[Result "1-0"]
[WhiteElo "1811"]
[BlackElo "1612"]
[PlyCount "81"]
[EventDate "2016.01.02"]

1. e4 e6 2. d4 d5 3. e5 c5 4. c3 Nc6 5. Nf3 Qb6 6. a3 c4 7. Nbd2 Na5 8. g3 Bd7
9. a4 Ne7 10. Bg2 Nec6 11. O-O Qa6 12. b4 cxb3 13. Nxb3 Rb8 14. Ba3 Nxb3 15.
Qxb3 Na5 16. Qc2 Bxa3 17. Rxa3 Nc4 18. Ra2 Ke7 19. Rb1 h6 20. Bf1 Qc6 21. Nd2
Nxd2 22. Qxd2 Rhc8 23. Rb3 Qc7 24. a5 a6 25. Qb2 f6 26. exf6+ gxf6 27. Qb1 f5
28. Qc1 Rh8 29. Qe3 Bc6 30. c4 Kf6 31. c5 Rbf8 32. Re2 Re8 33. Rb6 e5 34. dxe5+
Qxe5 35. Qxe5+ Rxe5 36. f4 Rxe2 37. Bxe2 Re8 38. Bxa6 Re6 39. Bxb7 Bxb7 40.
Rxb7 Rc6 41. Rb6 1-0

[Event "New Zealand Major Open 2016"]
[Site "Devonport, Auckland NZL"]
[Date "2016.01.03"]
[Round "2.8"]
[White "Wang, Aaron Ziwen"]
[Black "Gallage K G, Roshan"]
[Result "0-1"]
[WhiteElo "1597"]
[BlackElo "1800"]
[PlyCount "90"]
[EventDate "2016.01.02"]

1. c4 Nf6 2. Nc3 e6 3. g3 c6 4. Bg2 d5 5. cxd5 exd5 6. d4 Bf5 7. Nf3 Nbd7 8.
O-O Bd6 9. Nd2 O-O 10. e4 dxe4 11. Ndxe4 Nxe4 12. Nxe4 Bxe4 13. Bxe4 Re8 14.
Bd3 h6 15. Be3 Nf6 16. Re1 Bb4 17. Re2 Re7 18. a3 Ba5 19. Bc2 Qd7 20. Qd3 Rae8
21. Rd1 g6 22. b4 Bb6 23. Bb3 Kg7 24. Rc2 Ng4 25. Bf4 g5 26. Bd2 Re2 27. Bc3
Nxf2 28. d5+ f6 29. Bxf6+ Kxf6 30. Qf3+ Qf5 31. Qxf5+ Kxf5 32. Rf1 Rxc2 33.
Bxc2+ Ke5 34. Re1+ Ne4+ 35. Kg2 Kxd5 36. Bb3+ Kd4 37. Bc2 a5 38. Bb1 axb4 39.
axb4 Nf6 40. Rd1+ Kc4 41. Ba2+ Kxb4 42. Rb1+ Ka5 43. Bf7 Re7 44. Bg6 Bc5 45.
Ra1+ Kb6 0-1

[Event "New Zealand Major Open 2016"]
[Site "Devonport, Auckland NZL"]
[Date "2016.01.03"]
[Round "2.9"]
[White "Hooton, Barry R"]
[Black "Goh, Sean Christian"]
[Result "0-1"]
[WhiteElo "1593"]
[BlackElo "1739"]
[PlyCount "88"]
[EventDate "2016.01.02"]

1. d4 d5 2. c4 e6 3. Nc3 Nf6 4. Nf3 c6 5. Bg5 Nbd7 6. e3 Qa5 7. a3 Ne4 8. Rc1
Nxc3 9. Qd2 dxc4 10. Bxc4 Nb6 11. Bb3 Nbd5 12. Bxd5 exd5 13. Qxc3 Qxc3+ 14.
Rxc3 Bg4 15. Bf4 f6 16. O-O h5 17. h3 Bxf3 18. gxf3 g5 19. Bg3 Rd8 20. f4 g4
21. h4 f5 22. Rfc1 Kd7 23. Kf1 Rc8 24. Ke2 b6 25. b4 Bd6 26. Kd3 Rc7 27. R1c2
Rhc8 28. Rc1 c5 29. dxc5 bxc5 30. bxc5 Rxc5 31. Rxc5 Rxc5 32. Rxc5 Bxc5 33. a4
Kc6 34. Kc2 Bb4 35. Kb3 a5 36. Kc2 Kc5 37. Kd3 Be1 38. Ke2 Bc3 39. Kd3 Bf6 40.
f3 gxf3 41. Be1 Be7 42. Bxa5 Bxh4 43. Bc3 Bg3 44. a5 Kb5 0-1

[Event "New Zealand Major Open 2016"]
[Site "Devonport, Auckland NZL"]
[Date "2016.01.03"]
[Round "2.10"]
[White "Mukkattu, Philip"]
[Black "Steadman, Mathew"]
[Result "1/2-1/2"]
[WhiteElo "1733"]
[BlackElo "1473"]
[PlyCount "102"]
[EventDate "2016.01.02"]

1. d4 f5 2. c4 Nf6 3. Nc3 g6 4. g3 Bg7 5. Bg2 O-O 6. e4 d6 7. exf5 gxf5 8. Nge2
c6 9. Bf4 Qe8 10. Qd2 e5 11. dxe5 dxe5 12. Bh6 Be6 13. Qg5 Qg6 14. Qxg6 hxg6
15. Bxg7 Kxg7 16. b3 Nbd7 17. Rd1 Rad8 18. O-O Nc5 19. h4 Rd7 20. Rxd7+ Nfxd7
21. b4 Nd3 22. c5 Nxb4 23. Rb1 Nxa2 24. Nxa2 Bxa2 25. Rxb7 Rf7 26. Rxa7 Bc4 27.
Nc3 Nxc5 28. Ra5 Nd3 29. Bxc6 e4 30. Bd5 Bxd5 31. Nxd5 Rb7 32. Nc3 Rb2 33. Ra2
Rxa2 34. Nxa2 Kf6 35. Nc3 Ke5 36. Nd1 Kd4 37. Ne3 Nb4 38. Kf1 Kd3 39. Ng2 Nd5
40. Ne1+ Kd2 41. Ng2 e3 42. fxe3 Nxe3+ 43. Kf2 Nxg2 44. Kxg2 Ke3 45. g4 f4 46.
Kf1 Ke4 47. Kf2 f3 48. h5 gxh5 49. gxh5 Kf5 50. h6 Kg6 51. Kxf3 Kxh6 1/2-1/2

[Event "New Zealand Major Open 2016"]
[Site "Devonport, Auckland NZL"]
[Date "2016.01.03"]
[Round "2.11"]
[White "Wells, Clinton A"]
[Black "Qin, Nicole Shu Yu"]
[Result "1-0"]
[WhiteElo "1931"]
[BlackElo "1329"]
[PlyCount "99"]
[EventDate "2016.01.02"]

1. c4 e6 2. g3 d5 3. Bg2 c6 4. cxd5 exd5 5. d4 Nf6 6. Nf3 Bf5 7. O-O Bd6 8. Nc3
O-O 9. Bg5 Nbd7 10. Nh4 Be6 11. e4 dxe4 12. Nxe4 Be7 13. Re1 Nxe4 14. Bxe7 Nxf2
15. Bxd8 Nxd1 16. Be7 Rfe8 17. Ba3 Nxb2 18. Bxb2 Nb6 19. a4 Nd7 20. Nf3 f6 21.
Re3 Bf7 22. Rae1 Kf8 23. Nd2 Rxe3 24. Rxe3 Re8 25. Ba3+ Kg8 26. Rxe8+ Bxe8 27.
Nc4 Nb6 28. Nd6 Bf7 29. Nxb7 Nxa4 30. Bxc6 Nc3 31. Kf2 a6 32. Nd6 Ba2 33. Ne4
Nxe4+ 34. Bxe4 Kf7 35. Ke3 g6 36. d5 Bxd5 37. Bxd5+ Kg7 38. Bb4 h5 39. Bb7 a5
40. Bxa5 g5 41. Bc8 Kg6 42. Ke4 g4 43. Bf5+ Kg7 44. Bd2 Kf7 45. Bh6 Ke7 46. Bg6
Ke6 47. Bxh5 f5+ 48. Kf4 Kf6 49. Bg5+ Ke6 50. Bg6 1-0

[Event "New Zealand Major Open 2016"]
[Site "Devonport, Auckland NZL"]
[Date "2016.01.03"]
[Round "2.12"]
[White "Blackmore, Matthew"]
[Black "Post, Martin J"]
[Result "0-1"]
[WhiteElo "1279"]
[BlackElo "1883"]
[PlyCount "96"]
[EventDate "2016.01.02"]

1. e4 d6 2. Nf3 g6 3. d4 Bg7 4. h3 c5 5. Bb5+ Bd7 6. Bxd7+ Nxd7 7. O-O cxd4 8.
Nxd4 Ngf6 9. Nc3 O-O 10. Re1 Rc8 11. Rb1 a6 12. a4 Rc4 13. Nde2 Nxe4 14. Nxe4
Rxe4 15. b3 Qc7 16. Bb2 Bxb2 17. Rxb2 Qa5 18. Rb1 Rc8 19. Qd3 Nf6 20. Rbc1 Qe5
21. Qd2 Qd5 22. Qxd5 Nxd5 23. c4 Nb4 24. Nc3 Rxe1+ 25. Rxe1 Kf8 26. Rd1 h6 27.
g4 Rc6 28. Kg2 Rb6 29. a5 Rc6 30. Na4 e6 31. Rd2 Ke7 32. Kg3 Rc7 33. f3 Nc6 34.
c5 d5 35. Re2 Nxa5 36. b4 Nc6 37. Rb2 Nd4 38. Rd2 Nb5 39. Nb6 Rc6 40. Re2 Nc3
41. Rd2 a5 42. bxa5 Rxc5 43. Rb2 Rxa5 44. Nc8+ Kd7 45. Rxb7+ Kxc8 46. Rxf7 d4
47. Rf6 d3 48. Rxe6 d2 0-1

[Event "New Zealand Major Open 2016"]
[Site "Devonport, Auckland NZL"]
[Date "2016.01.03"]
[Round "2.13"]
[White "Booth, Anthony J"]
[Black "Vincent, David A"]
[Result "1/2-1/2"]
[WhiteElo "1766"]
[BlackElo "1273"]
[PlyCount "44"]
[EventDate "2016.01.02"]

1. e4 e6 2. d4 d5 3. e5 c5 4. c3 Nc6 5. Nf3 Qb6 6. Be2 Bd7 7. O-O cxd4 8. cxd4
Nge7 9. a3 a5 10. Nc3 Nf5 11. Nb5 Be7 12. Qd3 f6 13. g4 Nh6 14. Bxh6 gxh6 15.
Kh1 fxe5 16. Nxe5 Nxe5 17. dxe5 Bc6 18. Nd4 Bd7 19. f4 Bc5 20. Nb3 Be3 21. Rad1
Ba4 22. Nd4 Bxd1 1/2-1/2

[Event "New Zealand Major Open 2016"]
[Site "Devonport, Auckland NZL"]
[Date "2016.01.03"]
[Round "2.14"]
[White "Li, Rodney Xiang Rei"]
[Black "Chandraveer, Singh Chauhan"]
[Result "1-0"]
[WhiteElo "1479"]
[BlackElo "1750"]
[PlyCount "111"]
[EventDate "2016.01.02"]

1. e4 e5 2. Nf3 Nc6 3. Bb5 d6 4. d4 a6 5. Bxc6+ bxc6 6. dxe5 Bg4 7. exd6 cxd6
8. h3 Bh5 9. Nc3 h6 10. O-O Nf6 11. e5 dxe5 12. Qxd8+ Rxd8 13. Nxe5 c5 14. g4
Bg6 15. Re1 Be7 16. Nxg6 fxg6 17. Be3 O-O 18. Bxh6 Rde8 19. Be3 Nh7 20. Rad1
Ng5 21. Bxg5 Bxg5 22. Rxe8 Rxe8 23. Rd6 Re1+ 24. Kg2 Rc1 25. Rxg6 Bf6 26. h4
Rxc2 27. g5 Kf7 28. h5 Bd4 29. Ne4 Rxb2 30. Rxa6 Re2 31. Kf3 Rc2 32. Nd6+ Kf8
33. Ra8+ Ke7 34. Nf5+ Kf7 35. Nxd4 cxd4 36. h6 gxh6 37. gxh6 Kg6 38. Ra6+ Kh7
39. Ke4 Rd2 40. f4 d3 41. Ke3 Rd1 42. a4 d2 43. a5 Re1+ 44. Kxd2 Re4 45. Rf6
Ra4 46. a6 Ra5 47. Kc3 Ra3+ 48. Kb4 Ra2 49. Kb5 Rb2+ 50. Kc6 Ra2 51. Kb7 Rb2+
52. Rb6 Re2 53. a7 Re7+ 54. Ka6 Re8 55. Rc6 Rf8 56. Kb7 1-0

[Event "New Zealand Major Open 2016"]
[Site "Devonport, Auckland NZL"]
[Date "2016.01.03"]
[Round "2.15"]
[White "Michael, Andrew"]
[Black "Picken, Oliver"]
[Result "1-0"]
[WhiteElo "1741"]
[BlackElo "1480"]
[PlyCount "168"]
[EventDate "2016.01.02"]

1. d4 Nf6 2. Nf3 g6 3. Nc3 Bg7 4. e4 d6 5. Be3 h5 6. Qd2 Nbd7 7. Bc4 Nf8 8. e5
Ng4 9. Bf4 dxe5 10. Nxe5 Nxe5 11. Bxe5 Bxe5 12. dxe5 Qxd2+ 13. Kxd2 Be6 14. Bd3
Nd7 15. f4 Nc5 16. Be2 O-O-O+ 17. Ke3 Bf5 18. Rac1 c6 19. b4 Ne6 20. Ne4 Rd4
21. Bd3 Rxb4 22. c3 Rb2 23. Rc2 Rxc2 24. Bxc2 Rd8 25. Rd1 Rxd1 26. Bxd1 Kc7 27.
h3 Ng7 28. Ng5 f6 29. exf6 exf6 30. Nh7 Ne8 31. g4 hxg4 32. hxg4 Be6 33. a3 Kd6
34. g5 f5 35. Be2 Ke7 36. Kd4 Kf7 37. Ke5 Nc7 38. c4 Ke7 39. Nf6 Bf7 40. a4 Na6
41. Kd4 Nb8 42. c5 Nd7 43. Nxd7 Kxd7 44. a5 Bb3 45. Ke5 Ke7 46. a6 bxa6 47.
Bxa6 Ba4 48. Bc4 a5 49. Bg8 Bb5 50. Kd4 Ba6 51. Bb3 Be2 52. Ba4 Bb5 53. Bb3 a4
54. Ba2 Be2 55. Kc3 Bf3 56. Kb4 a3 57. Kxa3 Bd5 58. Bb1 Ke6 59. Kb4 Be4 60.
Ba2+ Bd5 61. Bb1 Kd7 62. Bd3 Ke6 63. Kc3 Ba2 64. Kd4 Bb3 65. Ba6 Ba2 66. Bc8+
Ke7 67. Ke5 Bc4 68. Kd4 Be6 69. Ba6 Bd7 70. Bc4 Bc8 71. Bb3 Ba6 72. Kc3 Be2 73.
Kb4 Bf3 74. Ka5 Bd5 75. Ba4 Ke6 76. Kb6 Kd7 77. Bc2 Bc4 78. Bd1 Bd3 79. Bb3 Be4
80. Bf7 Ke7 81. Bxg6 Kf8 82. Bh5 Kg7 83. Kc7 Bd5 84. Be8 Be6 1-0

[Event "New Zealand Major Open 2016"]
[Site "Devonport, Auckland NZL"]
[Date "2016.01.03"]
[Round "2.16"]
[White "Eade, Don"]
[Black "Mallela, Raivath"]
[Result "1-0"]
[WhiteElo "1874"]
[BlackElo "1265"]
[PlyCount "67"]
[EventDate "2016.01.02"]

1. e4 c5 2. c3 e6 3. Nf3 Nc6 4. d4 d5 5. exd5 Qxd5 6. Be3 cxd4 7. cxd4 Nf6 8.
Nc3 Bb4 9. Be2 Ne4 10. Qc2 Nxc3 11. bxc3 Ba5 12. O-O h6 13. Rfd1 O-O 14. c4 Qd8
15. Rab1 Nb4 16. Qa4 Bd7 17. Qb3 Qe8 18. Qb2 Ba4 19. Rdc1 Qd7 20. Ne5 Qc7 21.
Qa3 Bc2 22. Rxb4 Bxb4 23. Qxb4 Bh7 24. Qd2 Rfd8 25. Rc3 Qa5 26. Bxh6 gxh6 27.
Rg3+ Kf8 28. Qxa5 b6 29. Qa3+ Ke8 30. Qf3 Bg6 31. Rxg6 Rd7 32. Rg8+ Ke7 33.
Qxf7+ Kd6 34. Qxd7# 1-0

[Event "New Zealand Major Open 2016"]
[Site "Devonport, Auckland NZL"]
[Date "2016.01.03"]
[Round "2.17"]
[White "Song, Kate"]
[Black "Li, Leo Xiang Yu"]
[Result "1-0"]
[WhiteElo "1587"]
[BlackElo "1222"]
[PlyCount "97"]
[EventDate "2016.01.02"]

1. e4 e5 2. Nf3 Nc6 3. Bb5 a6 4. Ba4 b5 5. Bb3 Bc5 6. O-O Nf6 7. Re1 d6 8. c3
Bg4 9. h3 Bh5 10. d3 Qd7 11. Be3 Rd8 12. Nbd2 Bxe3 13. Rxe3 d5 14. exd5 Nxd5
15. Bxd5 Qxd5 16. Qe1 O-O 17. Nxe5 Nxe5 18. Rxe5 Qxd3 19. Rxh5 Qxd2 20. Qxd2
Rxd2 21. b4 Rc2 22. Rc5 Rc8 23. a4 g6 24. axb5 axb5 25. Ra7 c6 26. Rb7 Rd8 27.
Rxc6 Rdd2 28. Rf6 Rxc3 29. Rfxf7 Rc4 30. Rxh7 Rxb4 31. Rhc7 Rd8 32. Rc5 Rb1+
33. Kh2 b4 34. Rcb5 Rb2 35. Rxb4 Rxf2 36. R4b6 Rf7 37. Rxg6+ Kf8 38. Rxf7+ Kxf7
39. Ra6 Kg7 40. g4 Rg8 41. Kg3 Kh7 42. h4 Kg7 43. g5 Kh7 44. Kg4 Kg7 45. h5 Kh7
46. Ra7+ Kh8 47. g6 Rd8 48. Rf7 Rg8 49. Rh7# 1-0

[Event "New Zealand Major Open 2016"]
[Site "Devonport, Auckland NZL"]
[Date "2016.01.03"]
[Round "2.18"]
[White "Goh, Julien"]
[Black "Meng, Richard"]
[Result "0-1"]
[WhiteElo "1170"]
[BlackElo "1525"]
[PlyCount "96"]
[EventDate "2016.01.02"]

1. e4 c5 2. Nf3 e6 3. d3 Nc6 4. Nbd2 g6 5. g3 Bg7 6. Bg2 Nge7 7. O-O O-O 8. Re1
Qc7 9. Qe2 Nb4 10. c3 Nc2 11. Nf1 Nxe1 12. Qxe1 b6 13. h4 Ba6 14. d4 d5 15. e5
Bxf1 16. Qxf1 c4 17. Be3 Nf5 18. Bc1 a5 19. Bf4 b5 20. a3 Rfb8 21. Qd1 Bf8 22.
Bd2 Ra7 23. b4 axb4 24. axb4 Rba8 25. Rxa7 Qxa7 26. Kh2 Bh6 27. Bxh6 Nxh6 28.
Ng5 Qa4 29. Qf3 Ra7 30. Bh3 Qc2 31. Kg2 Nf5 32. Bxf5 Qxf5 33. Qxf5 gxf5 34. Kf3
Ra3 35. Ke2 Rxc3 36. Kd2 Rd3+ 37. Kc2 Rxd4 38. Nf3 Rd3 39. Ne1 Rb3 40. Kd2 Rxb4
41. Kc3 Rb1 42. Nf3 Rb3+ 43. Kd4 Rxf3 44. Kc5 c3 45. Kxb5 c2 46. Ka6 Rb3 47.
Ka5 c1=Q 48. Ka4 Qa3# 0-1

[Event "New Zealand Major Open 2016"]
[Site "Devonport, Auckland NZL"]
[Date "2016.01.03"]
[Round "2.19"]
[White "Tan, Teck Woon"]
[Black "Braganza, Nadia"]
[Result "1-0"]
[WhiteElo "1505"]
[BlackElo "1129"]
[PlyCount "153"]
[EventDate "2016.01.02"]

1. d4 Nf6 2. Nf3 g6 3. g3 Bg7 4. Bg2 d6 5. c4 O-O 6. O-O c5 7. e3 Nc6 8. Nc3
cxd4 9. exd4 a5 10. Re1 Bg4 11. h3 Bd7 12. Be3 Re8 13. Rc1 e5 14. dxe5 Nxe5 15.
Nxe5 dxe5 16. Qb3 Rb8 17. Bb6 a4 18. Nxa4 Bxa4 19. Bxd8 Bxb3 20. Bxf6 Bxf6 21.
axb3 b6 22. Rcd1 Rbd8 23. Bc6 Rxd1 24. Rxd1 Rd8 25. Bd5 Kf8 26. f3 e4 27. fxe4
Bxb2 28. Rf1 Rd7 29. Kf2 Bd4+ 30. Kf3 Ke7 31. Kg4 f6 32. h4 h5+ 33. Kf3 Kd6 34.
Rd1 Ke5 35. g4 Ra7 36. gxh5 gxh5 37. Bc6 Re7 38. Rd2 Re6 39. Bb5 Re7 40. Rg2
Bc5 41. Rd2 Bd4 42. b4 Bc3 43. Rd5+ Ke6 44. Rxh5 Bxb4 45. Rd5 Rh7 46. h5 Be1
47. Ba6 Rh6 48. Bc8+ Ke7 49. Bg4 Bc3 50. Rd7+ Kf8 51. Kf4 Be5+ 52. Kf5 Bc3 53.
Rd6 Be5 54. Rxb6 Ke7 55. c5 Kd7 56. c6+ Kd6 57. Be2 Kc7 58. Ra6 Kd6 59. Kg4 Rh7
60. Kf5 Rh6 61. Kg4 Rh7 62. Kh4 Rh6 63. Bb5 Rh7 64. Bc4 Kc5 65. Be2 Rh6 66. Kg4
Bh2 67. Kf5 Kd6 68. c7+ Kxc7 69. Rxf6 Rh8 70. h6 Bg1 71. Rf7+ Kd8 72. h7 Ke8
73. Bh5 Bd4 74. e5 Kd8 75. Bg6 Bc5 76. Rg7 Bf8 77. Rg8 1-0

[Event "New Zealand Major Open 2016"]
[Site "Devonport, Auckland NZL"]
[Date "2016.01.03"]
[Round "2.20"]
[White "Mathrani, Akarsh"]
[Black "Fu, Alex"]
[Result "0-1"]
[WhiteElo "1450"]
[BlackElo "1034"]
[PlyCount "80"]
[EventDate "2016.01.02"]

1. f4 e6 2. Nf3 d5 3. e3 c5 4. b3 Nc6 5. Bb2 Nf6 6. Be2 Bd7 7. Na3 a6 8. c4 b6
9. O-O Bc8 10. Nc2 Bb7 11. a3 Bd6 12. Ne5 Qc7 13. Nxc6 Bxc6 14. Bxf6 gxf6 15.
cxd5 Bxd5 16. Bf3 Qb7 17. Qe2 Rg8 18. Rac1 e5 19. g3 e4 20. Bg2 Bxb3 21. d3 Bd5
22. d4 b5 23. dxc5 Bxc5 24. Nb4 Bc4 25. Rxc4 bxc4 26. Qxc4 Rc8 27. Bxe4 Qb6 28.
Qxa6 Bxe3+ 29. Kg2 Qxa6 30. Nxa6 Ke7 31. Nb4 Bc5 32. Nd5+ Ke6 33. a4 Rgd8 34.
Nc3 f5 35. Bb7 Rb8 36. Bc6 Rb6 37. Re1+ Kd6 38. Rd1+ Kc7 39. Nb5+ Rxb5 40. axb5
Rxd1 0-1

[Event "New Zealand Major Open 2016"]
[Site "Devonport, Auckland NZL"]
[Date "2016.01.03"]
[Round "2.21"]
[White "Ang, Beatrice Sze Ning"]
[Black "Qin, Oscar Shu Xuan"]
[Result "0-1"]
[WhiteElo "1072"]
[BlackElo "1435"]
[PlyCount "122"]
[EventDate "2016.01.02"]

1. e4 e5 2. Nf3 Nf6 3. Nc3 Nc6 4. d3 Bb4 5. Bd2 O-O 6. a3 Bxc3 7. Bxc3 d6 8. h3
Be6 9. Be2 h6 10. O-O Nh5 11. Re1 Nf4 12. Bd2 Nxe2+ 13. Qxe2 f5 14. Rac1 f4 15.
c3 Qf6 16. Kf1 Kh8 17. Red1 Rg8 18. Rc2 g5 19. Nh2 h5 20. Qxh5+ Kg7 21. Qe2 Bb3
22. Ng4 Qg6 23. Rdc1 Bxc2 24. Rxc2 Rgf8 25. Nh2 Kf7 26. Bc1 Ke7 27. b4 b5 28.
Rd2 a5 29. bxa5 Nxa5 30. f3 Nb3 31. Rd1 Nxc1 32. Rxc1 Rxa3 33. Qb2 Ra5 34. Qb4
Rfa8 35. Qb2 c6 36. Ke1 Ra2 37. Qb3 Rxg2 38. Nf1 Raa2 39. Qd1 Rae2+ 40. Qxe2
Rxe2+ 41. Kxe2 Qh5 42. Kd2 Qxh3 43. Kc2 Qxf3 44. Nd2 Qe3 45. Nf1 Qe2+ 46. Nd2
g4 47. Rh1 c5 48. Rh7+ Kd8 49. Rh8+ Kc7 50. Rh7+ Kc6 51. Rh1 g3 52. Rg1 g2 53.
Rc1 f3 54. Rg1 Kb6 55. Rc1 f2 56. Rb1 g1=Q 57. Rxg1 fxg1=Q 58. d4 cxd4 59. cxd4
Qxd4 60. Kb3 Qexd2 61. Ka3 Q2b2# 0-1

[Event "New Zealand Major Open 2016"]
[Site "Devonport, Auckland NZL"]
[Date "2016.01.03"]
[Round "2.22"]
[White "Yan, Sarah"]
[Black "Barry, Jacob"]
[Result "1-0"]
[WhiteElo "1362"]
[BlackElo "911"]
[PlyCount "41"]
[EventDate "2016.01.02"]

1. d4 d5 2. c4 Nf6 3. Nc3 e6 4. e3 Bb4 5. Bd2 O-O 6. Nf3 Nc6 7. Bd3 g6 8. O-O
b6 9. a3 Bd6 10. e4 dxe4 11. Nxe4 Nxe4 12. Bxe4 Qd7 13. b4 Rb8 14. Qc2 e5 15.
Bxc6 Qxc6 16. dxe5 Be7 17. Bf4 Bb7 18. b5 Qc5 19. Be3 Be4 20. Qxe4 f5 21. Qc2
1-0

[Event "New Zealand Major Open 2016"]
[Site "Devonport, Auckland NZL"]
[Date "2016.01.03"]
[Round "2.23"]
[White "Zhang, Toby"]
[Black "Sharma, Akshay"]
[Result "0-1"]
[WhiteElo "937"]
[BlackElo "1361"]
[PlyCount "86"]
[EventDate "2016.01.02"]

1. Nf3 Nf6 2. g3 c6 3. Bg2 g6 4. O-O Bg7 5. d3 d5 6. Re1 O-O 7. Nbd2 Bg4 8. h3
Bd7 9. e4 dxe4 10. Nxe4 Nxe4 11. dxe4 Qc8 12. h4 Bg4 13. c3 Rd8 14. Qc2 Na6 15.
Bf4 Nc5 16. Rad1 Ne6 17. Rxd8+ Qxd8 18. Be3 Qc7 19. Nh2 h5 20. Nxg4 hxg4 21.
Rd1 Rd8 22. Rxd8+ Qxd8 23. Qd2 Qxd2 24. Bxd2 b6 25. f3 gxf3 26. Bxf3 Nc5 27.
Kf2 Nd3+ 28. Ke2 Nxb2 29. g4 Nc4 30. h5 Ne5 31. hxg6 fxg6 32. Ke3 Bh6+ 33. Ke2
Bxd2 34. Kxd2 Nxf3+ 35. Ke3 Ne5 36. g5 Kf7 37. Kf4 Ke6 38. Ke3 c5 39. a3 Nc4+
40. Kd3 Nxa3 41. c4 Ke5 42. Ke3 Nxc4+ 43. Kd3 b5 0-1

[Event "New Zealand Major Open 2016"]
[Site "Devonport, Auckland NZL"]
[Date "2016.01.03"]
[Round "2.24"]
[White "Oka, Tsukasa"]
[Black "Zhang, Leo Li Ao"]
[Result "0-1"]
[WhiteElo "599"]
[BlackElo "1361"]
[PlyCount "126"]
[EventDate "2016.01.02"]

1. e4 e5 2. Nf3 Nc6 3. Bc4 Bc5 4. Nc3 Nf6 5. d3 d6 6. Bg5 h6 7. Bh4 O-O 8. Nd5
Be6 9. Bxf6 gxf6 10. c3 Bxd5 11. Bxd5 Ne7 12. d4 Nxd5 13. dxc5 Ne7 14. cxd6
Qxd6 15. Qxd6 cxd6 16. Rd1 Rad8 17. O-O Rd7 18. c4 b6 19. Rd3 Rfd8 20. Rfd1 Kg7
21. b4 f5 22. exf5 Nxf5 23. Nxe5 Rc7 24. g4 Kf6 25. gxf5 Kxe5 26. Rd5+ Kf6 27.
Rxd6+ Rxd6 28. Rxd6+ Kxf5 29. Rxh6 Rxc4 30. b5 Ra4 31. h4 Rxa2 32. Rh5+ Kg4 33.
Rh7 Kh3 34. f3 Kg3 35. Rg7+ Kxh4 36. Rxf7 Kg3 37. Rg7+ Kxf3 38. Rf7+ Ke4 39.
Re7+ Kd4 40. Re1 Kc4 41. Rb1 Ra5 42. Rc1+ Kxb5 43. Rb1+ Kc4 44. Rc1+ Kd3 45.
Rf1 b5 46. Rf3+ Ke4 47. Rb3 a6 48. Rb4+ Kd3 49. Rb1 Ra4 50. Kf1 b4 51. Rd1+ Kc2
52. Ke2 Ra2 53. Rd8 b3 54. Rc8+ Kb1+ 55. Kd1 b2 56. Rc2 Ka1 57. Rxb2 Rxb2 58.
Kc1 Rb8 59. Kc2 a5 60. Kc1 a4 61. Kc2 a3 62. Kc1 a2 63. Kc2 Rc8+ 0-1

[Event "New Zealand Major Open 2016"]
[Site "Devonport, Auckland NZL"]
[Date "2016.01.03"]
[Round "2.25"]
[White "Zhang, Jennifer"]
[Black "Oka, Itsuki"]
[Result "1-0"]
[WhiteElo "1356"]
[BlackElo "362"]
[PlyCount "63"]
[EventDate "2016.01.02"]

1. e4 e6 2. d4 d5 3. Nc3 Bb4 4. e5 Nc6 5. Nf3 f6 6. Bf4 Nce7 7. Be2 Bxc3+ 8.
bxc3 Nf5 9. O-O Nge7 10. c4 Ng6 11. Bg3 Nxg3 12. fxg3 f5 13. Nd2 b6 14. c3 Bb7
15. Rb1 Qe7 16. c5 Rb8 17. Qa4+ Kf7 18. Qxa7 Bc6 19. cxb6 Ra8 20. Qxc7 Qxc7 21.
bxc7 Rxa2 22. Rb8 Ra8 23. Rfb1 Ke7 24. Rxa8 Rxa8 25. Rb8 Ra1+ 26. Kf2 Bd7 27.
Bb5 Ra2 28. Bxd7 Rxd2+ 29. Ke3 Rxg2 30. c8=Q f4+ 31. gxf4 h6 32. Qe8# 1-0